| 000 | 00633 a2200205 4500 | ||
|---|---|---|---|
| 020 | _a013288366X | ||
| 040 | _aDLC | ||
| 082 | 0 | 0 | _a005.73 |
| 100 | 1 | _aKruse, Robert L. | |
| 245 | 1 | 0 |
_aData structures and program design in C _cRobert L. Kruse, Clovis L. Tondo, Bruce P. Leung. |
| 246 | 1 | 4 | _aData structures & program design in C |
| 250 | _a2nd ed. | ||
| 260 |
_aDelhi : _bPearson Education Asia, _cc1997. |
||
| 300 |
_axvi, 671 p. : _bill. (some col.) ; _c25 cm. |
||
| 500 | _aIndian Print | ||
| 650 | 0 | _aC (Computer program language) | |
| 700 | 1 | _aTondo, Clovis L. | |
| 700 | 1 | _aLeung, Bruce P. | |
| 942 |
_cBK _k005.73 KRU _2ddc |
||
| 999 |
_c6673 _d6673 |
||